LEADER 00993nam1 2200337 450 001 990000735390203316 035 $a0073539 035 $aUSA010073539 035 $a(ALEPH)000073539USA01 035 $a0073539 100 $a20011112d1994----km-y0itay0103----ba 101 $aita 102 $aIT 105 $a||||||||001yy 200 1 $aNuceria Alfeterna e il suo territorio$fa cura di Antonio Pecoraro$ge con presentazione di Giovanni Pugliese Carratelli 210 $aNocera Inferiore$cAletehia$d1994- 215 $av$d30 cm 410 $12001 676 $a937.7 702 1$aPECORARO,$bAntonio 702 1$aPUGLIESE CARRATELLI,$bGiovanni 801 0$aIT$bsalbc$gISBD 912 $a990000735390203316 951 $aV G 833$bL.M.$cV G 959 $aBK 969 $aLOCALE 979 $aPATTY$b90$c20011112$lUSA01$h1617 979 $c20020403$lUSA01$h1721 979 $aPATRY$b90$c20040406$lUSA01$h1651 996 $aNuceria Alfeterna e il suo territorio$9964190 997 $aUNISA LEADER 02719nam 22004935 450 001 9910369950203321 005 20251116220848.0 010 $a981-15-0395-8 024 7 $a10.1007/978-981-15-0395-5 035 $a(CKB)4100000009940017 035 $a(MiAaPQ)EBC5987256 035 $a(DE-He213)978-981-15-0395-5 035 $a(PPN)269148736 035 $a(EXLCZ)994100000009940017 100 $a20191127d2020 u| 0 101 0 $aeng 135 $aurcnu|||||||| 181 $ctxt$2rdacontent 182 $cc$2rdamedia 183 $acr$2rdacarrier 200 10$aIntraocular Tumors /$fedited by Vikas Khetan 205 $a1st ed. 2020. 210 1$aSingapore :$cSpringer Singapore :$cImprint: Springer,$d2020. 215 $a1 online resource (311 pages) 311 08$a981-15-0394-X 327 $aRetinoblastoma- diagnosis, classification and management -- Genetics of retinoblastoma and how it helps patients and families -- Changing trends in retinoblastoma treatment and what is in hold for the future -- Imaging modalities for intraocular tumors -- Choroidal melanoma- diagnosis, classification and management -- Genetics of choroidal melanoma -- Pathology of intraocular tumors -- Von Hippel Lindau disease- all one should know -- Primary vitreoretinal lymphoma- diagnosis and treatment -- Choroidal hemangioma and its management -- Choroidal metastasis- things one must know -- Other tumors- medulloepithelioma, astrocytoma, etc -- Various syndromes with benign tumors inside the eye. 330 $aThis book aims to cover all aspects of intraocular tumors. The chapters explain diagnosis and treatment plan in detail with the aid of step-by-step descriptions in the form of flow charts. An additional chapter covers imaging modalities that help in diagnosing these conditions. The book is written by subject experts from all over the world. The book includes latest treatment protocols and changing trends in management of ocular tumors. Chapter with special focus on genetics is included to help clinicians understand the condition better. 606 $aOphthalmology 606 $aOncology 606 $aOphthalmology$3https://scigraph.springernature.com/ontologies/product-market-codes/H44004 606 $aOncology$3https://scigraph.springernature.com/ontologies/product-market-codes/H33160 615 0$aOphthalmology. 615 0$aOncology. 615 14$aOphthalmology. 615 24$aOncology. 676 $a616.99284 702 $aKhetan$b Vikas$4edt$4http://id.loc.gov/vocabulary/relators/edt 801 0$bMiAaPQ 801 1$bMiAaPQ 801 2$bMiAaPQ 906 $aBOOK 912 $a9910369950203321 996 $aIntraocular Tumors$92193414 997 $aUNINA